000 00504nam a2200205Ia 4500
003 OSt
005 20230531113809.0
008 210423s1976 xx 000 0 und d
040 _cAL
041 _aeng
082 _a305.56
_223
_b DASN
100 _aDASS (M M)
_9117753
245 _aNational pemivenu
260 _aIndia
_bGovernment Of India
_c1976
300 _av,26
_bPB
650 _aSocial Classes
_9117754
650 _aSociology
_9117755
906 _aNational ; pemivenu
942 _2ddc
_cBK
999 _c174596
_d174596